Entry Nombre personal
001 - NÚMERO DE CONTROL
- campo de control: 158857
003 - IDENTIFICADOR DE NÚMERO DE CONTROL
- campo de control: OSt
005 - FECHA Y HORA DE LA ÚLTIMA TRANSACCIÓN
- campo de control: 20230222193149.0
008 - ELEMENTOS DE DATO DE LONGITUD-FIJA
- campo de control de longitud fija: 160224 b azzaaaaaa a aaa d
040 ## - FUENTE DE CATALOGACIÓN
- Centro catalogador/agencia de origen: OSt
- Centro/agencia transcriptor: OSt
100 1# - ENCABEZAMIENTO-NOMBRE DE PERSONA
- Nombre de persona: Herranz Masjuán, Francisco J.
400 0# - TRAZADO DE VÉASE--NOMBRE DE PERSONA
- Nombre de persona: F. J. H.
400 1# - TRAZADO DE VÉASE--NOMBRE DE PERSONA
- Nombre de persona: H., F. J.
400 1# - TRAZADO DE VÉASE--NOMBRE DE PERSONA
- Nombre de persona: Herranz, Francisco Javier
